[Event "GER-chT U16"]
[Site "Lingen"]
[Date "2013.12.29"]
[Round "6.4"]
[White "Dittrich, Tom"]
[Black "Barche, Robert"]
[Result "0-1"]
[WhiteElo "1574"]
[BlackElo "1308"]
[PlyCount "46"]
[EventDate "2013.12.27"]
[EventType "team-swiss"]
[EventRounds "7"]
[EventCountry "GER"]
[SourceTitle "EXT 2015"]
[Source "ChessBase"]
[SourceDate "2014.11.20"]
[SourceVersion "1"]
[SourceVersionDate "2014.11.20"]
[SourceQuality "1"]
[WhiteTeam "Stadtilm Blau Weiss"]
[BlackTeam "Solingen"]
[WhiteTeamCountry "GER"]
[BlackTeamCountry "GER"]

1. e4 e6 2. d4 d5 3. exd5 exd5 4. Bd3 Nc6 5. c3 Bd6 6. Ne2 Nge7 7. 0-0 0-0 8. Bf4 Bf5 9. Na3 a6 10. Nc2 Re8 11. Ne3 Be4 12. Qc2 Ng6 13. Bxd6 Qxd6 14. Bxe4 Rxe4 15. Ng3 Re6 16. Nef5 Qd7 17. Rae1 Rae8 18. Qd2 Nce7 19. Rxe6 Qxe6 20. Re1 Qd7 21. Qe3 Kf8 22. Qd2 Nxf5 23. Rxe8+ Kxe8 0-1

[Event "GER-chT U16"]
[Site "Lingen"]
[Date "2013.12.27"]
[Round "2.4"]
[White "Barche, Robert"]
[Black "Moenius, Oliver"]
[Result "1/2-1/2"]
[WhiteElo "1308"]
[BlackElo "1400"]
[PlyCount "103"]
[EventDate "2013.12.27"]
[EventType "team-swiss"]
[EventRounds "7"]
[EventCountry "GER"]
[SourceTitle "EXT 2015"]
[Source "ChessBase"]
[SourceDate "2014.11.20"]
[SourceVersion "1"]
[SourceVersionDate "2014.11.20"]
[SourceQuality "1"]
[WhiteTeam "Solingen"]
[BlackTeam "Hoechstadt/Aisch"]
[WhiteTeamCountry "GER"]
[BlackTeamCountry "GER"]

1. c4 e5 2. g3 Nf6 3. Bg2 d5 4. e3 Nc6 5. cxd5 Nxd5 6. Ne2 Be6 7. Nbc3 Bb4 8. a3 Bxc3 9. Nxc3 0-0 10. 0-0 Qd7 11. d4 exd4 12. exd4 Nxc3 13. bxc3 Bh3 14. Bf4 Bxg2 15. Kxg2 Rfe8 16. Qd2 Re4 17. Rfe1 Rae8 18. Rxe4 Rxe4 19. Re1 Qd5 20. Rxe4 Qxe4+ 21. f3 Qe7 22. Qe3 Qxa3 23. Qe8+ Qf8 24. Qxf8+ Kxf8 25. Bxc7 Ke8 26. d5 Kd7 27. Bf4 Ne7 28. c4 Ng6 29. Bb8 a5 30. f4 f5 31. Ba7 Ne7 32. Bc5 Nc8 33. Kf3 a4 34. Ke3 b6 35. Bd4 Nd6 36. Kd3 b5 37. cxb5 Nxb5 38. Bxg7 Kd6 39. Kc4 Nc7 40. Be5+ Kd7 41. d6 Ne8 42. Kd5 a3 43. h3 h5 44. Kc5 a2 45. Kd5 Nxd6 46. Bb2 Ne4 47. g4 fxg4 48. Kxe4 gxh3 49. Kf3 Ke6 50. Kg3 Kf5 51. Kxh3 Kxf4 52. Kh4 1/2-1/2

[Event "Solingen-ch"]
[Site "Solingen"]
[Date "2013.12.13"]
[Round "7"]
[White "Ehringfeld, Michael"]
[Black "Barche, Robert"]
[Result "1-0"]
[WhiteElo "1360"]
[BlackElo "1257"]
[PlyCount "61"]
[EventDate "2013.09.13"]
[EventType "swiss"]
[EventRounds "7"]
[EventCountry "GER"]
[SourceTitle "EXT 2015"]
[Source "ChessBase"]
[SourceDate "2014.11.20"]
[SourceVersion "1"]
[SourceVersionDate "2014.11.20"]
[SourceQuality "1"]

1. d4 d5 2. Nf3 Nf6 3. Bg5 e6 4. e3 c5 5. c3 c4 6. Nbd2 Be7 7. Qc2 0-0 8. Be2 Nc6 9. e4 b5 10. e5 Nd7 11. Bxe7 Qxe7 12. b3 Qa3 13. 0-0 b4 14. bxc4 bxc3 15. Nb1 Qb4 16. Nxc3 dxc4 17. Rfb1 Nxd4 18. Nxd4 Qc5 19. Nf3 Nxe5 20. Rb5 Qc7 21. Rxe5 Bb7 22. Rh5 h6 23. Ng5 f5 24. Nxe6 Qc6 25. Bf3 Qxe6 26. Bxb7 Rae8 27. Bd5 Rf7 28. Bxe6 Rxe6 29. Rxf5 Rfe7 30. g3 g5 31. Nd5 1-0

[Event "Solingen Karneval op"]
[Site "Solingen"]
[Date "2013.02.09"]
[Round "2"]
[White "Kuehn, Bernd"]
[Black "Barche, Robert"]
[Result "1-0"]
[WhiteElo "2029"]
[BlackElo "1214"]
[PlyCount "51"]
[EventDate "2013.02.08"]
[EventType "swiss"]
[EventRounds "5"]
[EventCountry "GER"]
[SourceTitle "EXT 2015"]
[Source "ChessBase"]
[SourceDate "2014.11.20"]
[SourceVersion "1"]
[SourceVersionDate "2014.11.20"]
[SourceQuality "1"]

1. d4 e6 2. c4 b6 3. Nc3 Bb7 4. Nf3 Nf6 5. Bg5 d5 6. cxd5 exd5 7. e3 c5 8. Bb5+ Nc6 9. Qa4 Qd6 10. Ne5 a6 11. Bxc6+ Bxc6 12. Qxc6+ Qxc6 13. Nxc6 Nd7 14. Ne5 Nxe5 15. dxe5 d4 16. exd4 cxd4 17. Ne4 h6 18. Bd2 Rc8 19. Rc1 Rd8 20. 0-0 Rd5 21. f4 Bc5 22. b4 Be7 23. Rc6 Rb5 24. Nd6+ Bxd6 25. Rxd6 0-0 26. a4 1-0

[Event "Solingen Karneval op"]
[Site "Solingen"]
[Date "2013.02.08"]
[Round "1"]
[White "Barche, Robert"]
[Black "Lasschuit, Rene"]
[Result "1/2-1/2"]
[WhiteElo "1214"]
[BlackElo "1857"]
[PlyCount "81"]
[EventDate "2013.02.08"]
[EventType "swiss"]
[EventRounds "5"]
[EventCountry "GER"]
[SourceTitle "EXT 2015"]
[Source "ChessBase"]
[SourceDate "2014.11.20"]
[SourceVersion "1"]
[SourceVersionDate "2014.11.20"]
[SourceQuality "1"]

1. c4 e6 2. g3 d5 3. cxd5 exd5 4. Bg2 c6 5. e3 Nf6 6. Ne2 Bd6 7. Nbc3 0-0 8. 0-0 Re8 9. d4 Bf5 10. Re1 Nbd7 11. a3 Ne4 12. Nxe4 Bxe4 13. Nc3 Bxg2 14. Kxg2 Nf6 15. b4 Ne4 16. Nxe4 dxe4 17. Bb2 Qg5 18. Rc1 Qd5 19. Qg4 h5 20. Qd7 Rab8 21. Rc2 f5 22. Rc5 Bxc5 23. Qxd5+ cxd5 24. dxc5 Kf7 25. f3 g6 26. Rd1 Red8 27. Bd4 Ra8 28. Rc1 Rdc8 29. b5 Ke6 30. f4 a6 31. b6 Rc6 32. a4 Rac8 33. a5 Rf8 34. h4 Rcc8 35. Kf2 Kd7 36. Ke2 Kc6 37. Rb1 Rf7 38. Kd2 Ra8 39. Kc3 Rc8 40. Kb4 Re8 41. Rb2 1/2-1/2

[Event "Solingen-ch"]
[Site "Solingen"]
[Date "2012.11.09"]
[Round "5"]
[White "Brinkmann, Katharina"]
[Black "Barche, Robert"]
[Result "1-0"]
[WhiteElo "1545"]
[BlackElo "1107"]
[PlyCount "45"]
[EventDate "2012.09.14"]
[EventType "swiss"]
[EventRounds "7"]
[EventCountry "GER"]
[SourceTitle "EXT 2015"]
[Source "ChessBase"]
[SourceDate "2014.11.20"]
[SourceVersion "1"]
[SourceVersionDate "2014.11.20"]
[SourceQuality "1"]

1. d4 b6 2. c4 Bb7 3. Nc3 e6 4. e4 Bb4 5. Bd3 d5 6. cxd5 exd5 7. e5 c5 8. Bb5+ Nd7 9. Nge2 a6 10. Ba4 b5 11. Bc2 Nxe5 12. dxe5 d4 13. 0-0 dxc3 14. Nxc3 Qe7 15. Bf4 Qe6 16. Ne4 Qc6 17. Nd6+ Ke7 18. Be4 Qb6 19. Nxb7 Rb8 20. Nd6 Rd8 21. Qh5 g6 22. Qh4+ f6 23. Bxg6 1-0

[Event "Solingen Karneval op"]
[Site "Solingen"]
[Date "2012.02.18"]
[Round "3"]
[White "Barche, Robert"]
[Black "Runte, Dirk"]
[Result "0-1"]
[WhiteElo "1037"]
[BlackElo "1576"]
[PlyCount "102"]
[EventDate "2012.02.17"]
[EventType "swiss"]
[EventRounds "5"]
[EventCountry "GER"]
[SourceTitle "EXT 2015"]
[Source "ChessBase"]
[SourceDate "2014.11.20"]
[SourceVersion "1"]
[SourceVersionDate "2014.11.20"]
[SourceQuality "1"]

1. c4 Nf6 2. g3 e6 3. Bg2 c6 4. Nc3 d5 5. cxd5 exd5 6. e3 Be7 7. Nge2 Bd7 8. 0-0 Qc8 9. d4 Na6 10. a3 Bh3 11. b4 Bxg2 12. Kxg2 Nc7 13. Bb2 Qd7 14. Nf4 g5 15. Nd3 h5 16. h3 0-0-0 17. Ne5 Qe6 18. f3 Bd6 19. Ne2 Nd7 20. f4 Nxe5 21. fxe5 Be7 22. Ng1 Ne8 23. Qf3 f6 24. Rac1 g4 25. Qf4 fxe5 26. Qxe5 gxh3+ 27. Nxh3 Qxe5 28. dxe5 Rg8 29. Rf3 h4 30. b5 c5 31. Nf4 b6 32. a4 Nc7 33. Kh3 Rxg3+ 34. Rxg3 hxg3 35. Kxg3 Rg8+ 36. Kf3 Rf8 37. Rd1 Bg5 38. Kg4 Bxf4 39. exf4 d4 40. f5 Nd5 41. Kg5 Rxf5+ 42. Kxf5 Ne3+ 43. Ke4 Nxd1 44. Ba1 Nc3+ 45. Bxc3 dxc3 46. Kd3 Kd7 47. Kxc3 Ke6 48. Kc4 Kxe5 49. Kc3 Kd5 50. Kd3 c4+ 51. Kc3 Kc5 0-1

[Event "Solingen Karneval op"]
[Site "Solingen"]
[Date "2012.02.17"]
[Round "1"]
[White "Barche, Robert"]
[Black "Maczkowiak, Thomas"]
[Result "0-1"]
[WhiteElo "1037"]
[BlackElo "1923"]
[PlyCount "60"]
[EventDate "2012.02.17"]
[EventType "swiss"]
[EventRounds "5"]
[EventCountry "GER"]
[SourceTitle "EXT 2015"]
[Source "ChessBase"]
[SourceDate "2014.11.20"]
[SourceVersion "1"]
[SourceVersionDate "2014.11.20"]
[SourceQuality "1"]

1. c4 Nf6 2. g3 d5 3. e3 g6 4. b3 Bg7 5. Bb2 0-0 6. Bg2 c6 7. d4 Bg4 8. Bf3 h5 9. Bxg4 hxg4 10. h3 Qd7 11. hxg4 Qxg4 12. Qxg4 Nxg4 13. Rh4 Nh6 14. Nd2 Nd7 15. Ke2 Nf5 16. Rh3 e5 17. g4 Ne7 18. f3 c5 19. Kd3 cxd4 20. exd4 dxc4+ 21. Nxc4 Rfd8 22. Ne2 exd4 23. Bxd4 Bxd4 24. Nxd4 Nc5+ 25. Ke3 Nd5+ 26. Kd2 Nf4 27. Rh4 Rxd4+ 28. Kc3 Nce6 29. Kc2 Kg7 30. Rah1 Kf6 0-1

[Event "Solingen-ch"]
[Site "Solingen"]
[Date "2011.10.07"]
[Round "2"]
[White "Weyer, Norbert"]
[Black "Barche, Robert"]
[Result "1-0"]
[WhiteElo "1584"]
[BlackElo "982"]
[PlyCount "57"]
[EventDate "2011.09.23"]
[EventType "swiss"]
[EventRounds "7"]
[EventCountry "GER"]
[SourceTitle "EXT 2015"]
[Source "ChessBase"]
[SourceDate "2014.11.20"]
[SourceVersion "1"]
[SourceVersionDate "2014.11.20"]
[SourceQuality "1"]

1. d4 e6 2. Nf3 d5 3. g3 b6 4. Bg2 Bb7 5. 0-0 g6 6. b3 Bg7 7. e3 Ne7 8. Ba3 c5 9. Nbd2 0-0 10. Rb1 a5 11. dxc5 b5 12. Nd4 b4 13. Bb2 Nd7 14. c6 Nxc6 15. c4 Ba6 16. Nxc6 Rc8 17. Nxd8 Rfxd8 18. Bxg7 Kxg7 19. Re1 dxc4 20. bxc4 Ne5 21. Qc2 Nxc4 22. Nxc4 Rxc4 23. Qb2+ Kg8 24. Bf1 Rc6 25. Bxa6 Rxa6 26. Qf6 Rdd6 27. Red1 a4 28. Rxd6 Rxd6 29. Rxb4 1-0